LEADER 01145nam a2200253 i 4500 001 000000134692 003 CaOOAMICUS 005 20160817000000.0 008 160817s2000 it u000 u ita u 013 $a107868 040 $aSeMil$bita 100 1 $aParati, Annunziata.$0(OLS)http://semarc/name/55078 245 12$aL'azione liturgica del Vescovo mons. Carlo Manziana /$cAnnunziata Parati. 260 $aRoma :$bCLV Edizioni Liturgiche,$c2000. 300 $a166 p. ;$c24 cm. 490 0 $aBibliotheca Ephemerides Liturgicae. Sectio pastoralis ;$v21 490 0 $aBibliotheca Ephemerides Liturgicae 830 0$aBibliotheca Ephemerides Liturgicae. Sectio pastoralis ;$v21.$0(OLS)http://semarc/title/12583 830 0$aBibliotheca Ephemerides Liturgicae.$0(OLS)http://semarc/title/15467 850 $aSeMil 852 $aSeMil$W1$xVenegono$y1$m3K IV 66$j88405$B88405$CSeMilBibl$Z2$F213728 $81 961 $aLascito: Citterio Mons. Bernardo <1908-2002> 996 $6245$aL'azione liturgica del Vescovo mons. Carlo Manziana$9(OLS)http://semarc/title/197084 996 $6260$aRoma :$bCLV Edizioni Liturgiche$9(OLS)http://semarc/publisher/29627 LEADER 01079nam a2200265 i 4500 001 000000068966 003 CaOOAMICUS 005 20100816000000.0 008 100816s1969 it u000 u ita u 013 $a40138 040 $aSeMil$bita 100 1 $aCorrell, Werner.$0(OLS)http://semarc/name/34459 240 10$aLernpsychologie.$0(OLS)http://semarc/title/110352 245 10$aPsicologia dell'apprendimento /$cWerner Correll. 250 $a2. ed. 260 $a[Torino] :$bEP/SAIE,$c1969. 300 $a152 p. ;$c24 cm. 490 0 $aBiblioteca di psicologia e pedagogia ;$v23 650 4$aApprendimento - Psicologia.$0(OLS)http://semarc/subject/624 650 4$aApprendimento - Metodi.$0(OLS)http://semarc/subject/3688 830 0$aBiblioteca di psicologia e pedagogia ;$v23.$0(OLS)http://semarc/title/31748 850 $aSeMil 852 $aSeMil$W1$xVenegono$y1$m2O IV 283$j35119$B35119$CSeMilBibl$Z2$F35122 $81 996 $6245$aPsicologia dell'apprendimento$9(OLS)http://semarc/title/110351 996 $6260$a[Torino] :$bEP/SAIE$9(OLS)http://semarc/publisher/35980